Engineering physics II : (Record no. 37685)

MARC details
000 -LEADER
fixed length control field 00812nam a22002177a 4500
005 - DATE AND TIME OF LATEST TRANSACTION
control field 2010072604364.0
010 ## - LCCN (DPL NO)
LC control number ENG-96887
020 ## - INTERNATIONAL STANDARD BOOK NUMBER
International Standard Book Number 9788182091191
Terms of availability 275.00
035 ## - SYSTEM CONTROL NUMBER
System control number EN-80420
037 ## - SOURCE OF ACQUISITION
Source of stock number/acquisition DBAD/PUB
082 ## - DEWEY DECIMAL CLASSIFICATION NUMBER
Classification number 256
100 ## - MAIN ENTRY--PERSONAL NAME
Personal name J Kumar
245 ## - TITLE STATEMENT
Title Engineering physics II :
Remainder of title as per the latest anna university syllabus for second semester /
Statement of responsibility, etc by J Kumar [and] S Vasudevan
260 ## - PUBLICATION, DISTRIBUTION, ETC. (IMPRINT)
Place of publication, distribution, etc Uttar Pradesh
Name of publisher, distributor, etc McGraw- Hill Education
Date of publication, distribution, etc 2009
270 ## - ADDRESS
Address B-4, Sector- 63, Dist. Gautam Budh Nagar, Noida
City Uttar Pradesh
Postal code 201301
300 ## - PHYSICAL DESCRIPTION
Extent viii, various pages
Other physical details ill.
Dimensions 24cm, (pbk)
500 ## - GENERAL NOTE
General note includes index
700 ## - ADDED ENTRY--PERSONAL NAME
Personal name Vasudevan, S
9 (RLIN) 1440
942 ## - ADDED ENTRY ELEMENTS (KOHA)
Source of classification or shelving scheme Dewey Decimal Classification
Item type English Books
Call number suffix KUM
Holdings
Withdrawn status Lost status Not for loan Collection code Home library Current library Date acquired Source of acquisition Cost, normal purchase price Full call number Barcode Copy number Cost, replacement price Koha item type
    Not For Loan Non-fiction D.B.Act.Division D.B.Act.Division 26/07/2010 DBAD/PUB 275.00 KUM EN-80420 1 275.00 English Books

© Delhi Public Library
Hit Counter
free hit counter